Sports Quiz

Random Sports Quiz

SEC Teams Quiz Stats

 Plays Quiz not verified by Sporcle

Challenge
Share
Tweet
Embed
Score 0/12 Timer 03:00
0 Plays Today
Team Name % Correct
Alabama Crimson Tide
98%
Florida Gators
98%
Auburn Tigers
93.9%
Georgia Bulldogs
93.9%
Tennessee Volunteers
93.9%
Arkansas Razorbacks
91.8%
Mississippi State Bulldogs
89.8%
Kentucky Wildcats
87.8%
Mississippi Rebels
87.8%
Louisiana StateTigers
85.7%
South Carolina Gamecocks
85.7%
Vanderbilt Commodores
81.6%

You're not logged in!

Compare scores with friends on all Sporcle quizzes.
OR
Log In

You Might Also Like...

Show Comments

Extras

Created Mar 7, 2011ReportNominate
Tags:sec, SEC Teams, team

Top Quizzes Today


Score Distribution

Your Account Isn't Verified!

In order to create a playlist on Sporcle, you need to verify the email address you used during registration. Go to your Sporcle Settings to finish the process.

Report this User

Report this user for behavior that violates our Community Guidelines.

Details: